000 00849cab a2200229 4500
001 WB3010-51
008 090401t1994 xxu||||| |||| 00| 0 eng d
035 _a(Sirsi) u82989
041 _aeng
245 _aIntentional homelessness
260 _c1994
350 _a0
490 _aEstates Gazette Case Summaries
_v1994 EGCS 35 (5/3/94)
520 _a"R v Rochester upon Medway CC ex parte Williams", QBD 18 February 1994, concerned a claim that a woman made herself intentionally homeless by letting her children cause excessive damage to the property which caused the landlord to refuse to grant a new tenancy after repairs had been done.
650 _aHOUSING ACT 1985
650 _aHOUSING ACT 1988 S5
650 _aINTENTIONAL HOMELESSNESS
650 _aREPAIRS
690 _aHOUSING-CASE LAW
942 _n0
948 _c04/03/1997
999 _c52419
_d52419